<?xml version="1.0" encoding="UTF-8"?>
<marc:record xmlns:marc="http://www.loc.gov/MARC21/slim">
   <marc:leader>00000nam a2200000 a 4500</marc:leader>
   <marc:datafield ind1="0" ind2="0" tag="245">
      <marc:subfield code="a">Das Feuer der Revolution</marc:subfield>
   </marc:datafield>
   <marc:datafield ind1=" " ind2="1" tag="264">
      <marc:subfield code="b">Carlsen</marc:subfield>
   </marc:datafield>
   <marc:datafield ind1="1" ind2=" " tag="490">
      <marc:subfield code="a">Black Cat</marc:subfield>
   </marc:datafield>
   <marc:datafield ind1="1" ind2=" " tag="520">
      <marc:subfield code="a">Creed, der sich von seiner Verletzung aus dem erbitterten Kampf gegen Train vollständig erholt hat, sammelt die »Apostel des Planeten« um sich und erklärt der Welt den Krieg! Sein Ziel ist der Weltgipfel, auf den er einen brutalen Anschlag verüben will... Das will die Geheimorganisation Kronos mit allen Mitteln verhindern und hetzt ihm die Apostel No. I und II der »Kronos Numbers« auf den Hals![Klappentext]</marc:subfield>
   </marc:datafield>
   <marc:datafield ind1=" " ind2=" " tag="020">
      <marc:subfield code="a">9783551782854</marc:subfield>
      <marc:subfield code="9">9783551782854</marc:subfield>
   </marc:datafield>
</marc:record>
